|
|
|
|
| LEADER |
00667cam a2200169 7i4500 |
| 001 |
0000026735 |
| 005 |
20110808090000.0 |
| 090 |
0 |
0 |
|a MAT 382.6
|b SHI
|
| 100 |
1 |
0 |
|a Shivpuri
|
| 110 |
2 |
0 |
|a Malaysian Export Trade Centre (MEXPO)
|
| 245 |
1 |
0 |
|a Handbook of export practice and procedures :
|b a practical guide for Malaysian exporters.
|
| 260 |
0 |
0 |
|a Kuala Lumpur:
|b Malaysian Export Trade Centre (MEXPO),
|c 201988.
|
| 300 |
# |
# |
|a 176 p.
|
| 650 |
0 |
0 |
|a Foreign trade promotione --
|x Handbooks manuals, etc --
|z Malaysia
|
| 650 |
0 |
0 |
|a Foreign trade regulations --
|x Handbooks manuals, etc --
|z Malaysia
|
| 651 |
0 |
0 |
|a Malaysia
|
| 999 |
|
|
|a 0000009443
|b Book
|c Malaysia
|e Business Information Centre
|